Using visual basic for applications 5 / (Record no. 183465)
[ view plain ]
| 000 -LEADER | |
|---|---|
| fixed length control field | 01138nam a2200349Ia 4500 |
| 003 - CONTROL NUMBER IDENTIFIER | |
| control field | OSt |
| 005 - DATE AND TIME OF LATEST TRANSACTION | |
| control field | 20251229112239.0 |
| 008 - FIXED-LENGTH DATA ELEMENTS--GENERAL INFORMATION | |
| fixed length control field | 210716s1997 xx 000 0 und d |
| 020 ## - INTERNATIONAL STANDARD BOOK NUMBER | |
| International Standard Book Number | 8120313089 |
| 040 ## - CATALOGING SOURCE | |
| Transcribing agency | AIMIT LIBRARY |
| 041 ## - LANGUAGE CODE | |
| Language code of text/sound track or separate title | eng |
| 082 ## - DEWEY DECIMAL CLASSIFICATION NUMBER | |
| Classification number | 006.37 |
| Edition number | 1 |
| Item number | SANP |
| 100 ## - MAIN ENTRY--PERSONAL NAME | |
| Personal name | Sanna, Paul. |
| 9 (RLIN) | 249705 |
| 245 ## - TITLE STATEMENT | |
| Title | Using visual basic for applications 5 / |
| Statement of responsibility, etc. | By Paul Sanna...[et.al]. |
| 250 ## - EDITION STATEMENT | |
| Edition statement | 1st ed. |
| 260 ## - PUBLICATION, DISTRIBUTION, ETC. | |
| Place of publication, distribution, etc. | New Delhi : |
| Name of publisher, distributor, etc. | Prentice Hall of India PVt Ltd , |
| Date of publication, distribution, etc. | 1997. |
| 300 ## - PHYSICAL DESCRIPTION | |
| Extent | xxiv,776p. ; |
| Other physical details | PB |
| Dimensions | 23.8 cm |
| 650 ## - SUBJECT ADDED ENTRY--TOPICAL TERM | |
| Topical term or geographic name entry element | Getting to know visual basic for applications |
| 9 (RLIN) | 249706 |
| 650 ## - SUBJECT ADDED ENTRY--TOPICAL TERM | |
| Topical term or geographic name entry element | Programming applications with VBA |
| 9 (RLIN) | 249707 |
| 650 ## - SUBJECT ADDED ENTRY--TOPICAL TERM | |
| Topical term or geographic name entry element | Using VBA with the world wide web |
| 9 (RLIN) | 249708 |
| 700 ## - ADDED ENTRY--PERSONAL NAME | |
| Personal name | Anderson, Christa. |
| 9 (RLIN) | 249709 |
| 700 ## - ADDED ENTRY--PERSONAL NAME | |
| Personal name | Green, John. |
| 9 (RLIN) | 249710 |
| 700 ## - ADDED ENTRY--PERSONAL NAME | |
| Personal name | Marchuk, Michael. |
| 9 (RLIN) | 249711 |
| 700 ## - ADDED ENTRY--PERSONAL NAME | |
| Personal name | Pamela, Palmer. |
| 9 (RLIN) | 249712 |
| 700 ## - ADDED ENTRY--PERSONAL NAME | |
| Personal name | Podlin, Sharon. |
| 9 (RLIN) | 249713 |
| 700 ## - ADDED ENTRY--PERSONAL NAME | |
| Personal name | Rahmel, Dan. |
| 9 (RLIN) | 249714 |
| 700 ## - ADDED ENTRY--PERSONAL NAME | |
| Personal name | Ray, Bill. |
| 9 (RLIN) | 249715 |
| 700 ## - ADDED ENTRY--PERSONAL NAME | |
| Personal name | Reilly, Brian. |
| 9 (RLIN) | 249716 |
| 700 ## - ADDED ENTRY--PERSONAL NAME | |
| Personal name | Root, Gregory j. |
| 9 (RLIN) | 249717 |
| 700 ## - ADDED ENTRY--PERSONAL NAME | |
| Personal name | Tasker, Liz. |
| 9 (RLIN) | 249718 |
| 942 ## - ADDED ENTRY ELEMENTS (KOHA) | |
| Source of classification or shelving scheme | Dewey Decimal Classification |
| Koha item type | Book |
| Edition | 1st |
| Call number prefix | 006.37 SANP |
| Withdrawn status | Lost status | Damaged status | Not for loan | Collection code | Home library | Current library | Date acquired | Total Checkouts | Full call number | Barcode | Date last seen | Price effective from | Koha item type |
|---|---|---|---|---|---|---|---|---|---|---|---|---|---|
| MCA | St Aloysius Institute of Management & Information Technology | St Aloysius Institute of Management & Information Technology | 07/16/2021 | 006.37 SANP | MCA02973 | 05/23/2026 | 07/16/2021 | Book |